| 000 | 02313cam a22004574i 4500 | ||
|---|---|---|---|
| 003 | PE-LiUPU | ||
| 005 | 20250731172945.0 | ||
| 008 | 150623s r 000 0 d | ||
| 020 | _a0802838154 | ||
| 035 | _a(Sirsi) i9780802838155 | ||
| 040 |
_aPE-LiUPU _bspa _cPE-LiUPU _erda |
||
| 049 | _aPRUA | ||
| 082 | 0 | 4 |
_a221.6 _bF82 _221 |
| 100 | 1 |
_aFreedman, David Noel, _d1922-, _eautor. |
|
| 245 | 1 | 0 |
_aDivine commitment and human obligation : _bselected writings of David Noel Freedman. Vol. 1: History and Religion. _n1 / _cDavid Noel Freedman. |
| 264 | 1 |
_aMichigan : _bWilliam B. Eerdmans Publishing Company, _c1997. |
|
| 300 |
_a545 páginas ; _c24 centímetros |
||
| 336 |
_atext _2rdacontent |
||
| 337 |
_aunmediated _2rdamedia |
||
| 338 |
_avolume _2rdacarrier |
||
| 504 | _aBibliografía al pie de páginas. | ||
| 505 | 0 | _aThe "Houser of Absalom" in the habakkuk Scroll (1949). -Notes on Genesis (1953). -The book of Ezekiel (1954). -The Babylonian chronicle (1956). -The prayer of Nabonidus (1957). -The slave of Yahweh (1959). -History and eschatolog: the nature of biblical religion and prophetic faith (1960). -The name of the God of Moses (1960). -The chronicler's purpose (1961). -Kaufmann's the religion of Israel (review) (1962). -Pentateuch (1962). -The continuing revolution in Biblical research (1963). -The law and the prophets (1963). -On Method in biblical studies: the Old Testament (1963). -Modern Scripture research and ecumenism (1963). -Divine commitment and human obligation: the covenant theme (1964). -The Hebrew Old Testament and the ministry today: an exegetical study. | |
| 526 | _aSEG42 | ||
| 526 | _aSEG41 | ||
| 526 | _aSEG40 | ||
| 526 | _aSEG39 | ||
| 526 | _aP94 | ||
| 526 | _aP87 | ||
| 526 | _aP86 | ||
| 526 | _aP85 | ||
| 526 | _aP77 | ||
| 526 | _aP76 | ||
| 526 | _aP35 | ||
| 630 |
_aBiblia. _pA.T. _xCrítica, interpretación, etc. |
||
| 942 |
_2ddc _cBOOK |
||
| 949 |
_a221.6 F82 1 _wDEWEY _c1 _i44735 _lCCODEBUL1 _mBUL _r0 _sY _tBOOK _u2015-6-24 _xTEOLOGIA _PP35 _0COMPRA _o.STAFF. Colección General |
||
| 994 |
_aC0 _bPEPRU |
||
| 596 | _a1 | ||
| 999 |
_a221.6 F82 1 _wDEWEY _c21601 _i44735 _f2021-11-9 _g5 _lCCODEBUL1 _mBUL _r0 _sY _tBOOK _u2015-6-24 _xTEOLOGIA _PP35 _0COMPRA _o.STAFF. Colección General _d21601 |
||
| 980 |
_81 _gALBERTO SANCHEZ Responsable de Automatización |
||